01098nmc a2200337 a 4500003000900000005001700009008004100026020001800067040001300085100002600098245007400124260005600198300001100254490004400265504002900309600004300338600003600381600003700417600003600454610004100490650003200531650003400563650002800597650002000625650002300645650001500668650001600683650001700699651001400716800003000730AR-BaBNM20251128204151.0275019s1986 ||||||||||||||000 | spa|| a950-25-1428-9 cAR-BaBNM1 aAlen Lascano, Luis C.10aYrigoyenismo y antipersonalismobsurgimiento en el gobierno de Alvear aBuenos AiresbCentro Editor de America Latinac19860 a139 p. 0aBiblioteca política Argentinavv. 164 aContiene: bibliografía14aAlvear, Marcelo Torcuato ded1868-194214aYrigoyen, Hipólitod1852-193314aTorre, Lisandro de lad1868-193914aJusto, Juan Bautistad1865-192824aUnión Cívica Radical [Argentina] 4aHISTORIA POLITICA ARGENTINA 4aPARTIDOS POLITICOS ARGENTINOS 4aPRESIDENCIAS ARGENTINAS 4aCONSERVADURISMO 4aOPOSICION POLITICA 4aELECCIONES 4aMILITARISMO 4aSIGLO VEINTE 4aArgentina1 aTroncoso, Oscaredirector